[Event "Stuttgart - Erfurt"]
[Site "BL 0203"]
[Date "2003.01.12"]
[Round "9.1"]
[White "Luther, Thomas"]
[Black "Hickl, Joerg"]
[Result "0-1"]
[WhiteElo "2538"]
[BlackElo "2605"]
[PlyCount "82"]
[EventDate "2003.01.12"]

1. e4 g6 2. d4 Bg7 3. Nc3 d6 4. f4 e6 5. Nf3 Ne7 6. Bd3 O-O 7. Be3 Nd7 8. Qd2
a6 9. O-O-O b5 10. h4 c5 11. h5 c4 12. Be2 Nf6 13. e5 Nfd5 14. Ne4 Nxe3 15.
Qxe3 Nf5 16. Qf2 Bb7 17. Nfd2 Qb6 18. c3 Bxe4 19. Nxe4 b4 20. g4 bxc3 21. Nxc3
Rab8 22. Rd2 dxe5 23. gxf5 exd4 24. Nd1 c3 25. Rc2 exf5 26. hxg6 hxg6 27. Bd3
Rfc8 28. Kb1 a5 29. Qf3 a4 30. Re1 Qd6 31. Nf2 Bh6 32. Re5 Rxb2+ 33. Rxb2 cxb2
34. Bc2 Qc7 35. Qe2 Bxf4 36. Re8+ Rxe8 37. Qxe8+ Kg7 38. Nd3 a3 39. Qa4 Qc3 40.
Nxf4 Qe1+ 41. Bd1 Qe4+ 0-1

[Event "Stuttgart - Erfurt"]
[Site "BL 0203"]
[Date "2003.01.12"]
[Round "9.3"]
[White "Votava, Jan"]
[Black "Buhmann, Rainer"]
[Result "1/2-1/2"]
[WhiteElo "2518"]
[BlackElo "2527"]
[PlyCount "67"]
[EventDate "2003.01.12"]

1. e4 e6 2. d4 d5 3. Nc3 Nf6 4. e5 Nfd7 5. f4 c5 6. Nf3 Nc6 7. Be3 cxd4 8. Nxd4
Bc5 9. Qd2 O-O 10. O-O-O a6 11. h4 Nxd4 12. Bxd4 b5 13. Bxc5 Nxc5 14. Qd4 Qc7
15. Rh3 Bb7 16. h5 Rac8 17. g4 f6 18. Bg2 fxe5 19. fxe5 Nd7 20. Re3 Rf2 21. Bh3
Nc5 22. g5 Qe7 23. Rg3 Rcf8 24. b4 Nd7 25. Ne4 dxe4 26. Qxd7 Qxd7 27. Rxd7 Bd5
28. Rc3 R8f7 29. Rc8+ Rf8 30. Rcc7 R8f7 31. Rd8+ Rf8 32. Rdd7 R8f7 33. Rd8+ Rf8
34. Rdd7 1/2-1/2

[Event "Stuttgart - Erfurt"]
[Site "BL 0203"]
[Date "2003.01.12"]
[Round "9.4"]
[White "Jenni, Florian"]
[Black "Casper, Thomas"]
[Result "1-0"]
[WhiteElo "2483"]
[BlackElo "2391"]
[PlyCount "93"]
[EventDate "2003.01.12"]

1. e4 e6 2. d4 d5 3. Nc3 Bb4 4. e5 Ne7 5. a3 Bxc3+ 6. bxc3 c5 7. Nf3 Qc7 8. h4
b6 9. Bb5+ Bd7 10. Bd3 Ba4 11. Rb1 h6 12. h5 Nd7 13. Rh4 cxd4 14. cxd4 Rc8 15.
Rb2 Qc3+ 16. Qd2 O-O 17. Rg4 Kh8 18. Rf4 Kg8 19. Ke2 Qxd2+ 20. Bxd2 Nc6 21. Rg4
Kh8 22. Bb4 Nxb4 23. axb4 b5 24. Nh4 Rc7 25. f4 Rfc8 26. Kd2 Nb6 27. f5 exf5
28. Nxf5 Nc4+ 29. Bxc4 bxc4 30. c3 Bd7 31. Rf4 Bxf5 32. Rxf5 Rg8 33. Ra2 Rd7
34. Ra6 Re8 35. g4 Kg8 36. Rd6 Red8 37. Rc6 Re8 38. Kc2 Re6 39. Rc8+ Kh7 40.
Rf8 f6 41. exf6 gxf6 42. R8xf6 Re2+ 43. Kd1 Re3 44. Kd2 Rd3+ 45. Kc2 Rg3 46.
Rf7+ Rxf7 47. Rxf7+ 1-0

[Event "Stuttgart - Erfurt"]
[Site "BL 0203"]
[Date "2003.01.12"]
[Round "9.5"]
[White "Paehtz, Thomas"]
[Black "Schmittdiel, Eckhard"]
[Result "1/2-1/2"]
[WhiteElo "2459"]
[BlackElo "2491"]
[PlyCount "75"]
[EventDate "2003.01.12"]

1. e4 c5 2. Nf3 e6 3. d4 cxd4 4. Nxd4 Nf6 5. Nc3 Nc6 6. Ndb5 d6 7. Bf4 e5 8.
Bg5 a6 9. Na3 b5 10. Nd5 Be7 11. Bxf6 Bxf6 12. c3 Rb8 13. Nc2 O-O 14. h4 Be6
15. Nce3 Be7 16. g3 Qd7 17. Bd3 Bd8 18. Bc2 Kh8 19. Qd3 Bb6 20. Rd1 Bxe3 21.
Nxe3 Rbd8 22. Bb3 Ne7 23. Rd2 Bxb3 24. axb3 f5 25. exf5 Nxf5 26. Nxf5 Rxf5 27.
O-O d5 28. Rfd1 Qf7 29. Qe4 d4 30. cxd4 exd4 31. Rxd4 Rf8 32. Rd7 Qxb3 33. R1d2
R5f6 34. Qe7 Qg8 35. R7d6 Re8 36. Qd7 Re1+ 37. Kh2 Qa8 38. Qd8+ 1/2-1/2

[Event "Stuttgart - Erfurt"]
[Site "BL 0203"]
[Date "2003.01.12"]
[Round "9.7"]
[White "Enders, Peter"]
[Black "Bunzmann, Dimitri"]
[Result "1/2-1/2"]
[WhiteElo "2524"]
[BlackElo "2498"]
[PlyCount "77"]
[EventDate "2003.01.12"]

1. e4 e6 2. d4 d5 3. Nc3 Bb4 4. e5 c5 5. a3 Bxc3+ 6. bxc3 Ne7 7. Nf3 Qa5 8. Bd2
Nbc6 9. Be2 Bd7 10. O-O c4 11. Ng5 h6 12. Nh3 Ng6 13. Bh5 Nce7 14. Qb1 O-O-O
15. Qb4 Qxb4 16. axb4 a6 17. Be2 Rdf8 18. Nf4 Nxf4 19. Bxf4 Ng6 20. Bg3 h5 21.
h3 f6 22. exf6 gxf6 23. Rfe1 e5 24. dxe5 fxe5 25. Ra5 Bc6 26. Bf3 e4 27. Bd1
Nf4 28. f3 h4 29. Bxf4 Rxf4 30. fxe4 dxe4 31. Rc5 Rd8 32. Rxc4 Rd2 33. Rd4 Rff2
34. Rxd2 Rxd2 35. Bg4+ Kc7 36. Bf5 Rxc2 37. Bxe4 Rxc3 38. Bxc6 Rxc6 39. Re4
1/2-1/2

[Event "Stuttgart - Erfurt"]
[Site "BL 0203"]
[Date "2003.01.12"]
[Round "9.8"]
[White "Heinatz, Thomas"]
[Black "Brueggemann, Joachim"]
[Result "0-1"]
[WhiteElo "2315"]
[BlackElo "2412"]
[PlyCount "90"]
[EventDate "2003.01.12"]

1. e4 c5 2. Nf3 Nc6 3. Nc3 d6 4. d4 cxd4 5. Nxd4 Nf6 6. Be2 e5 7. Nf3 h6 8. O-O
Be7 9. Re1 O-O 10. h3 Be6 11. Bf1 Nb8 12. b3 Nbd7 13. Bb2 a6 14. a4 Rc8 15. a5
Re8 16. Nd2 Rc5 17. b4 Rc7 18. Qf3 Qc8 19. Rac1 Nb8 20. Na4 Rxc2 21. Nb6 Rxc1
22. Rxc1 Qd8 23. b5 Nh7 24. Ba3 Bg5 25. Rd1 Bxd2 26. Rxd2 Qh4 27. bxa6 bxa6 28.
Bd3 Rd8 29. Bc2 Nc6 30. Rxd6 Rxd6 31. Bxd6 Nd4 32. Qd3 Qg5 33. Ba3 Nf6 34. Bd1
Qf4 35. g3 Qxe4 36. Qxa6 Qe1+ 37. Qf1 Qxa5 38. Na4 Ne4 39. Bc1 Qb4 40. Nb2 Qb6
41. Qd3 Qc6 42. Be3 Bxh3 43. Bxd4 Ng5 44. f3 exd4 45. g4 Qd6 0-1

[Event "Emsdetten - Tegernsee"]
[Site "BL 0203"]
[Date "2003.01.12"]
[Round "9.1"]
[White "Khenkin, Igor"]
[Black "Berelovich, Aleksandar"]
[Result "1-0"]
[WhiteElo "2624"]
[BlackElo "2546"]
[PlyCount "79"]
[EventDate "2003.01.12"]

1. d4 e6 2. c4 f5 3. g3 Nf6 4. Bg2 Bb4+ 5. Nd2 O-O 6. Ngf3 d6 7. O-O Bxd2 8.
Bxd2 Qe7 9. Qb3 Nc6 10. d5 Nd8 11. Rac1 a5 12. Bg5 a4 13. Qe3 h6 14. Bxf6 Qxf6
15. Nd4 e5 16. Nb5 f4 17. Qa3 Bg4 18. f3 Bd7 19. Nxc7 Rc8 20. Nb5 Bxb5 21. cxb5
Nf7 22. Rxc8 Rxc8 23. Qxa4 fxg3 24. hxg3 Qg6 25. Qg4 Qxg4 26. fxg4 Rc2 27. Rb1
Kf8 28. Kf2 Ke7 29. a4 b6 30. b4 Ra2 31. a5 bxa5 32. b6 Nd8 33. bxa5 Nb7 34.
Rc1 Nxa5 35. Rc7+ Kd8 36. Ra7 Kc8 37. Be4 Kb8 38. Bd3 Ra1 39. Rxg7 Nb3 40. Bb5
1-0

[Event "Emsdetten - Tegernsee"]
[Site "BL 0203"]
[Date "2003.01.12"]
[Round "9.2"]
[White "Pedersen, Daniel Versterbaek"]
[Black "Sokolov, Andrei"]
[Result "1-0"]
[WhiteElo "2343"]
[BlackElo "2569"]
[PlyCount "63"]
[EventDate "2003.01.12"]

1. d4 Nf6 2. c4 e6 3. Nc3 Bb4 4. e3 O-O 5. a3 Bxc3+ 6. bxc3 c5 7. Bd3 Nc6 8.
Ne2 b6 9. e4 Ne8 10. O-O Ba6 11. f4 f5 12. Ng3 g6 13. exf5 exf5 14. dxc5 Nf6
15. cxb6 axb6 16. Rb1 Qe7 17. Re1 Qc5+ 18. Be3 Qxa3 19. Bxb6 Qd6 20. Qf3 Rfe8
21. h3 Rxe1+ 22. Rxe1 Re8 23. Rxe8+ Nxe8 24. Qe3 Ng7 25. Be2 Qe6 26. Qd3 Ne8
27. Nf1 Nf6 28. Nd2 Nb4 29. cxb4 Qxb6+ 30. c5 Qxb4 31. Qxa6 Kg7 32. Qd6 1-0

[Event "Emsdetten - Tegernsee"]
[Site "BL 0203"]
[Date "2003.01.12"]
[Round "9.3"]
[White "Ribli, Zoltan"]
[Black "Peng, Zhao Qin"]
[Result "1-0"]
[WhiteElo "2568"]
[BlackElo "2425"]
[PlyCount "103"]
[EventDate "2003.01.12"]

1. Nf3 d5 2. d4 c6 3. c4 Nf6 4. Nc3 a6 5. a4 g6 6. e3 Bg7 7. Be2 O-O 8. O-O
dxc4 9. Bxc4 Bg4 10. h3 Bxf3 11. Qxf3 Nbd7 12. Rd1 Qc7 13. e4 b5 14. axb5 axb5
15. Rxa8 Rxa8 16. Bb3 b4 17. Na4 e5 18. Be3 Re8 19. d5 cxd5 20. exd5 Rc8 21.
Qe2 Qb7 22. Bc4 Ra8 23. Bb5 Ra5 24. Bc6 Qc7 25. b3 Bf8 26. Qc2 h5 27. d6 Bxd6
28. Qc4 Be7 29. Bxd7 Qxd7 30. Bc5 Bxc5 31. Rxd7 Nxd7 32. Nxc5 Rxc5 33. Qxb4 Kf8
34. Qb7 Ke7 35. b4 Rc1+ 36. Kh2 Rd1 37. f4 exf4 38. Qe4+ Kf8 39. Qxf4 Rd5 40.
Qc4 Rd6 41. b5 Ke7 42. Kg3 Rf6 43. Kh4 Nb6 44. Qb4+ Rd6 45. Kg5 Nd5 46. Qc5 Ke6
47. Kh6 Ne7 48. b6 Nf5+ 49. Kg5 Rd7 50. Qc4+ Kd6 51. Qa6 Nd4 52. b7+ 1-0

[Event "Emsdetten - Tegernsee"]
[Site "BL 0203"]
[Date "2003.01.12"]
[Round "9.4"]
[White "Zumsande, Martin"]
[Black "Boensch, Uwe"]
[Result "0-1"]
[WhiteElo "2374"]
[BlackElo "2537"]
[PlyCount "128"]
[EventDate "2003.01.12"]

1. e4 c5 2. c3 d5 3. exd5 Qxd5 4. d4 Nf6 5. Nf3 Bg4 6. Qa4+ Bd7 7. Qb3 cxd4 8.
Bc4 Qe4+ 9. Kf1 e6 10. cxd4 Qc6 11. Nc3 a6 12. Bg5 b5 13. Bd3 Qb6 14. Rd1 Nc6
15. a3 Be7 16. h4 h6 17. Bf4 Rc8 18. Bb1 b4 19. axb4 Nxb4 20. Ne5 Bb5+ 21. Kg1
Nbd5 22. Bc1 Nxc3 23. bxc3 Nd5 24. Rh3 Bd6 25. c4 Bxe5 26. cxd5 Bxd4 27. dxe6
Bxf2+ 28. Kh1 Qxe6 29. Qxe6+ fxe6 30. Rf3 Rf8 31. Bg6+ Ke7 32. Ba3+ Bc5 33.
Rxf8 Kxf8 34. Rc1 Bxa3 35. Rxc8+ Ke7 36. Kh2 Bd6+ 37. g3 a5 38. Ra8 a4 39. Ra5
Bd7 40. Bc2 a3 41. Bb3 Bb4 42. Ra6 Bc5 43. Ba2 Kf6 44. Ra5 Be7 45. Ra6 Bb4 46.
Ra7 Ke7 47. Ra6 Bc5 48. Bb3 e5 49. Rg6 Kf8 50. Ra6 e4 51. Ra5 Bd6 52. Ra7 Ke8
53. Ba4 Bxa4 54. Rxa4 Kd7 55. Rd4 Kc6 56. Ra4 Kb5 57. Ra7 Bc5 58. Ra8 Bb4 59.
g4 Ba5 60. Rb8+ Ka4 61. Rb1 Bc3 62. Kg3 a2 63. Rc1 Bf6 64. Rc8 Bc3 0-1

[Event "Emsdetten - Tegernsee"]
[Site "BL 0203"]
[Date "2003.01.12"]
[Round "9.5"]
[White "Teske, Henrik"]
[Black "Richter, Christian"]
[Result "1-0"]
[WhiteElo "2531"]
[BlackElo "2346"]
[PlyCount "95"]
[EventDate "2003.01.12"]

1. d4 Nf6 2. c4 g6 3. g3 Bg7 4. Bg2 O-O 5. Nc3 d6 6. e3 c5 7. Nge2 Nc6 8. b3
Bd7 9. O-O a6 10. Bd2 Rb8 11. Rc1 Qc8 12. d5 Na5 13. Nb1 Qc7 14. Qe1 b6 15. e4
e5 16. Rc2 Kh8 17. Bc3 Nb7 18. Nd2 Ng8 19. f4 Rbe8 20. f5 f6 21. g4 Bh6 22. Nf3
Nd8 23. h4 Nf7 24. Qg3 Qd8 25. Kh1 Qe7 26. Neg1 Bf4 27. Qe1 g5 28. Nh3 h6 29.
Kg1 Kg7 30. Bh1 Qd8 31. Bg2 Ne7 32. Kf2 Rh8 {=} 33. Rh1 Reg8 34. Ke2 Kf8 35.
Kd1 Nc8 36. Bf1 Ke7 37. Rg2 Qe8 38. Kc2 Qd8 39. Bd3 Qc7 40. Qa1 Be3 41. Qe1 Bf4
42. Kb1 Na7 43. Nxf4 exf4 44. Rgh2 Qb8 45. hxg5 hxg5 46. Rh7 Rxh7 47. Rxh7 Rh8
48. Nxg5 1-0

[Event "Emsdetten - Tegernsee"]
[Site "BL 0203"]
[Date "2003.01.12"]
[Round "9.6"]
[White "Van Delft, Merijn"]
[Black "Hertneck, Gerald"]
[Result "0-1"]
[WhiteElo "2341"]
[BlackElo "2519"]
[PlyCount "110"]
[EventDate "2003.01.12"]

1. e4 e6 2. d3 d5 3. Nd2 Nf6 4. Ngf3 b6 5. c3 c5 6. Qa4+ Bd7 7. Qc2 Qc7 8. Be2
Be7 9. O-O O-O 10. Re1 Nc6 11. Bf1 Rac8 12. a3 Qb8 13. Qb1 a5 14. d4 cxd4 15.
cxd4 dxe4 16. Nxe4 h6 17. Nxf6+ Bxf6 18. Qe4 Ne7 19. Ne5 Bxe5 20. dxe5 Rfd8 21.
b4 Bc6 22. Qb1 Nf5 23. bxa5 bxa5 24. Ba6 Qa8 25. Bf1 Nh4 26. f3 Bxf3 27. Qb2
Be4 28. Qf2 Nf5 29. Bf4 Bd3 30. Rac1 Bxf1 31. Rxf1 Rxc1 32. Bxc1 Qe4 33. Re1
Qc4 34. h3 Rd3 35. Kh2 Rc3 36. Qf1 Qxf1 37. Rxf1 Rc2 38. Rd1 Kh7 39. Bd2 a4 40.
Kh1 g5 41. Bb4 Ne3 42. Rd7 Kg6 43. g4 Nc4 44. Ra7 Nxe5 45. Kg1 Nc6 46. Rxa4
Nxb4 47. axb4 Rb2 48. Kh1 h5 49. Kg1 hxg4 50. hxg4 Kf6 51. Kf1 Ke5 52. Ra7 f5
53. gxf5 exf5 54. Rb7 Kf4 55. b5 Kf3 0-1

[Event "Emsdetten - Tegernsee"]
[Site "BL 0203"]
[Date "2003.01.12"]
[Round "9.7"]
[White "Stangl, Markus"]
[Black "Van Beek, Lucien"]
[Result "1-0"]
[WhiteElo "2494"]
[BlackElo "2341"]
[PlyCount "47"]
[EventDate "2003.01.12"]

1. Nf3 Nf6 2. c4 e6 3. g3 d5 4. Bg2 c5 5. cxd5 Nxd5 6. O-O Nc6 7. d4 a6 8. Nc3
Nxc3 9. bxc3 Be7 10. e4 O-O 11. d5 exd5 12. exd5 Na5 13. Ne5 Bd6 14. Re1 Qc7
15. Bf4 g5 16. Ng4 gxf4 17. Nf6+ Kg7 18. Qh5 h6 19. Ne8+ Rxe8 20. Rxe8 Rb8 21.
Rae1 Qd7 22. Qh4 f6 23. R1e6 Qf7 24. Qg4+ 1-0

[Event "Emsdetten - Tegernsee"]
[Site "BL 0203"]
[Date "2003.01.12"]
[Round "9.8"]
[White "Pedersen, Daniel Versterbaek"]
[Black "Bromberger, Stefan"]
[Result "1-0"]
[WhiteElo "2343"]
[BlackElo "2417"]
[PlyCount "63"]
[EventDate "2003.01.12"]

1. e4 c5 2. c3 d5 3. exd5 Qxd5 4. d4 Nf6 5. Nf3 Bg4 6. dxc5 Qxd1+ 7. Kxd1 e5 8.
b4 Nc6 9. Kc2 O-O-O 10. Bb5 Bf5+ 11. Kb2 Ng4 12. Be3 f6 13. Nbd2 g6 14. Rad1 a6
15. Be2 Bd3 16. Bxd3 Rxd3 17. Nc4 Rxd1 18. Rxd1 Nxe3 19. fxe3 Be7 20. Nb6+ Kb8
21. Nd5 Bd8 22. a4 e4 23. Nd2 f5 24. Nc4 Re8 25. Kb3 Ne5 26. Nxe5 Rxe5 27. Kc4
Bg5 28. b5 Re8 29. bxa6 bxa6 30. Rb1+ Ka7 31. c6 Rc8 32. Rb7+ 1-0

[Event "Bremen - Forchheim"]
[Site "BL 0203"]
[Date "2003.01.12"]
[Round "9.1"]
[White "Prusikhin, Mikhailo"]
[Black "Babula, Vlastimil"]
[Result "1/2-1/2"]
[WhiteElo "2509"]
[BlackElo "2581"]
[PlyCount "62"]
[EventDate "2003.01.12"]

1. d4 Nf6 2. Nf3 e6 3. e3 b6 4. Bd3 Bb7 5. O-O d5 6. c4 Nbd7 7. Nc3 Bd6 8. Qe2
Ne4 9. cxd5 exd5 10. Qc2 Nxc3 11. bxc3 Nf6 12. Ba6 Bxa6 13. Qa4+ c6 14. Qxa6
Qc8 15. Qd3 O-O 16. a4 Re8 17. Ba3 Ne4 18. c4 Qa6 19. Rfc1 Rac8 20. g3 c5 21.
dxc5 dxc4 22. Qxc4 Qxc4 23. Rxc4 Bxc5 24. Bxc5 Rxc5 25. Rxc5 bxc5 26. Rb1 a5
27. Ne5 Nd6 28. Nc6 g6 29. Nxa5 Ra8 30. Nb7 Nxb7 31. Rxb7 Rxa4 1/2-1/2

[Event "Bremen - Forchheim"]
[Site "BL 0203"]
[Date "2003.01.12"]
[Round "9.3"]
[White "Jirovsky, Milos"]
[Black "Pelletier, Yannick"]
[Result "1-0"]
[WhiteElo "2457"]
[BlackElo "2624"]
[PlyCount "91"]
[EventDate "2003.01.12"]

1. Nf3 c5 2. c3 Nf6 3. d4 cxd4 4. cxd4 d5 5. Nc3 Nc6 6. Bf4 a6 7. e3 Bg4 8. Bd3
e6 9. O-O Bd6 10. Bg3 O-O 11. Rc1 Rc8 12. Re1 Bxg3 13. fxg3 Qd6 14. Be2 Bxf3
15. gxf3 Qb4 16. Qd2 Na5 17. Ne4 Qxd2 {=} 18. Nxd2 b5 19. b3 Nb7 20. a4 Nd6 21.
Bd3 Nd7 22. axb5 axb5 23. e4 b4 24. e5 Nf5 25. Bxf5 exf5 26. Nf1 g6 27. Ne3 Nb6
28. f4 Rfd8 29. Red1 Rc3 30. Rxc3 bxc3 31. Rc1 Ra8 32. Rxc3 Ra1+ 33. Kg2 Rb1
34. Rc7 Rxb3 35. Rb7 Rb4 36. g4 fxg4 37. f5 gxf5 38. Nxf5 h5 39. Ne7+ Kf8 40.
Nc8 Nxc8 41. Rxb4 Ne7 42. Kg3 Nf5+ 43. Kf4 Ng7 44. Kg5 Ke7 45. Rb7+ Ke6 46. Ra7
1-0

[Event "Bremen - Forchheim"]
[Site "BL 0203"]
[Date "2003.01.12"]
[Round "9.4"]
[White "Gallagher, Joseph"]
[Black "Heidrich, Manfred"]
[Result "1-0"]
[WhiteElo "2526"]
[BlackElo "2415"]
[PlyCount "59"]
[EventDate "2003.01.12"]

1. e4 c5 2. Nf3 Nc6 3. Nc3 e5 4. Bc4 d6 5. d3 Be7 6. O-O Nf6 7. Ng5 O-O 8. f4
exf4 9. Bxf4 h6 10. Nf3 Be6 11. Nd5 Bxd5 12. exd5 Na5 13. Nh4 Qd7 14. Bxh6 Nxc4
15. Nf5 gxh6 16. dxc4 Rfe8 17. Nxh6+ Kg7 18. Qd2 Rg8 19. Nf5+ Kh8 20. Nxe7 Qxe7
21. Rae1 Qd8 22. Qh6+ Nh7 23. Rxf7 Rxg2+ 24. Kh1 Qg8 25. Rxh7+ Qxh7 26. Qxh7+
Kxh7 27. Kxg2 Rg8+ 28. Kf3 Rf8+ 29. Kg3 Rg8+ 30. Kh3 1-0

[Event "Bremen - Forchheim"]
[Site "BL 0203"]
[Date "2003.01.12"]
[Round "9.5"]
[White "Bartsch, Berthold"]
[Black "Knaak, Rainer"]
[Result "0-1"]
[WhiteElo "2318"]
[BlackElo "2471"]
[PlyCount "68"]
[EventDate "2003.01.12"]

1. Nc3 d5 2. e4 e6 3. g3 dxe4 4. Nxe4 Nf6 5. Nxf6+ Qxf6 6. Bg2 Bc5 7. Qf3 Qe7
8. Ne2 e5 9. O-O Nc6 10. c3 O-O 11. b4 Bd6 12. b5 Na5 13. d4 f6 14. dxe5 fxe5
15. Qe4 a6 16. bxa6 Rxa6 17. Qd3 Be6 18. Bxb7 Nxb7 19. Qxa6 Nc5 20. Qb5 Qf7 21.
f3 Bc4 22. Qb2 Nd3 23. Qd2 Bc5+ 24. Kh1 Nf2+ 25. Rxf2 Bxf2 26. Ng1 Bxg1 27.
Kxg1 Qxf3 28. Ba3 Ra8 29. Bc5 Bd5 30. c4 Qh1+ 31. Kf2 Qxh2+ 32. Ke1 Qh1+ 33.
Kf2 Qf3+ 34. Ke1 Bxc4 0-1

[Event "Bremen - Forchheim"]
[Site "BL 0203"]
[Date "2003.01.12"]
[Round "9.6"]
[White "Joachim, Sven"]
[Black "Zwanzger, Johannes"]
[Result "1-0"]
[WhiteElo "2471"]
[BlackElo "2281"]
[PlyCount "80"]
[EventDate "2003.01.12"]

1. d4 Nf6 2. c4 c6 3. Nc3 d5 4. Nf3 g6 5. Qb3 Bg7 6. cxd5 Nxd5 7. e4 Nxc3 8.
bxc3 O-O 9. Be3 Qb6 10. Qc2 c5 11. Rb1 Qc7 12. d5 f5 13. exf5 Bxf5 14. Bd3 c4
15. Bxf5 Rxf5 16. Qe4 Na6 17. O-O Rd8 18. d6 Qxd6 19. Rxb7 Qd5 20. Qxe7 Rf7 21.
Qxf7+ Qxf7 22. Rxf7 Kxf7 23. Ng5+ Kg8 24. Ne6 Rd3 25. Nxg7 Kxg7 26. Bxa7 Kf7
27. Bd4 Nb4 28. a4 Na2 29. Ra1 Nxc3 30. Bxc3 Rxc3 31. Kf1 Rb3 32. Ke2 Rb2+ 33.
Kd1 Rxf2 34. Ra3 Rxg2 35. a5 Rb2 36. a6 Rb8 37. Kc2 Ke6 38. Kc3 Kd5 39. Ra5+
Kc6 40. Kxc4 Kb6 $138 1-0

[Event "Bremen - Forchheim"]
[Site "BL 0203"]
[Date "2003.01.12"]
[Round "9.7"]
[White "Niedermaier, Hans"]
[Black "Meins, Gerlef"]
[Result "0-1"]
[WhiteElo "2253"]
[BlackElo "2463"]
[PlyCount "104"]
[EventDate "2003.01.12"]

1. e4 c5 2. Nf3 Nc6 3. d4 cxd4 4. Nxd4 Nf6 5. Nc3 d6 6. Be3 Ng4 7. Bg5 h6 8.
Bh4 g5 9. Bg3 Bg7 10. Nb3 Be6 11. Be2 h5 12. h3 h4 13. hxg4 hxg3 14. Rxh8+ Bxh8
15. fxg3 Qb6 16. Qd2 Qg1+ 17. Bf1 Bxg4 18. Qxg5 Bxc3+ 19. bxc3 Ne5 20. Nd4 Rc8
21. Rb1 b6 22. Rb3 Rc5 23. Qf4 Ra5 24. a3 Bd7 25. Qf2 Qxf2+ 26. Kxf2 Ng4+ 27.
Ke1 Nf6 28. Bd3 Nxe4 29. Bxe4 Re5 30. Rb4 Rxe4+ 31. Kf2 Re5 32. c4 Ra5 33. Rb3
Ra4 34. Nb5 Rxc4 35. Nxa7 Rxc2+ 36. Kf3 b5 37. a4 Ra2 38. Nxb5 Bc6+ 39. Ke3
Rxa4 40. Rb2 Bxb5 41. Rxb5 Ra3+ 42. Kf4 e5+ 43. Kg4 Ke7 44. Kf5 Rxg3 45. Rb7+
Kf8 46. Rb2 Kg7 47. Rd2 Rg6 48. g4 Rf6+ 49. Kg5 e4 50. Re2 d5 51. Re1 Rf3 52.
Re2 e3 0-1

[Event "Bremen - Forchheim"]
[Site "BL 0203"]
[Date "2003.01.12"]
[Round "9.8"]
[White "Heissler, Jakob"]
[Black "Doeres, Hans-Juergen"]
[Result "1-0"]
[WhiteElo "2455"]
[BlackElo "2279"]
[PlyCount "69"]
[EventDate "2003.01.12"]

1. e4 c5 2. Nf3 Nc6 3. Nc3 Nf6 4. d4 cxd4 5. Nxd4 e6 6. Ndb5 d6 7. Bf4 e5 8.
Bg5 a6 9. Na3 b5 10. Nd5 Qa5+ 11. Bd2 Qd8 12. Bd3 Nxd5 13. exd5 Ne7 14. c4 g6
15. cxb5 Bg7 16. O-O O-O 17. Bc4 Kh8 18. Bc3 Qb6 19. Qb3 axb5 20. Qxb5 Qc7 21.
Qb3 Bb7 22. Nb5 Qb6 23. a4 Rfc8 24. Bb4 Rxc4 25. Qxc4 Rc8 26. Qd3 Nxd5 27. Bd2
f5 28. Rac1 Rd8 29. Qc4 e4 30. Nc7 Nxc7 31. Qxc7 Qxc7 32. Rxc7 Ba6 33. Rfc1
Bxb2 34. R1c6 Be2 35. Bh6 1-0

[Event "Solingen - Tegernsee"]
[Site "BL 0203"]
[Date "2003.02.08"]
[Round "10.2"]
[White "Piket, Jeroen"]
[Black "Sokolov, Andrei"]
[Result "1/2-1/2"]
[WhiteElo "2646"]
[BlackElo "2587"]
[PlyCount "114"]
[EventDate "2003.??.??"]

1. d4 Nf6 2. c4 e6 3. Nf3 b6 4. e3 Bb7 5. Bd3 c5 6. O-O d5 7. cxd5 exd5 8. b3
Bd6 9. Bb2 O-O 10. Nc3 Nbd7 11. Rc1 Qe7 12. Qc2 Rac8 13. Bf5 g6 14. Bh3 Ne4 15.
dxc5 Rxc5 16. Bxd7 Qxd7 17. Qd3 Qe6 18. Rfd1 Be7 19. Nd4 Qc8 20. f3 Nxc3 21.
Rxc3 Re8 22. Rdc1 Bg5 23. Qd2 Qd7 24. f4 Be7 25. h3 Bf8 26. Nf3 Qf5 27. b4 Rc4
28. Rxc4 dxc4 29. Qd4 f6 30. Rxc4 Bxf3 31. gxf3 Qxh3 32. Qd5+ Qe6 33. Qxe6+
Rxe6 34. Kf2 b5 35. Rc8 Kf7 36. a3 a6 37. e4 h5 38. Bd4 Be7 39. Rc7 Ke8 40. Kg2
Rd6 41. Bc5 Rd7 42. Rc8+ Kf7 43. Bxe7 Kxe7 44. Ra8 Rd6 45. Ra7+ Kf8 46. Kg3 Kg8
47. Kh4 Rd3 48. Rxa6 Rxf3 49. Rxf6 Kg7 50. e5 Rxa3 51. f5 gxf5 52. Kxh5 Rb3 53.
Kg5 Rxb4 54. Rb6 Kf7 55. Kxf5 Rh4 56. Rb7+ Ke8 57. Rxb5 Rh6 1/2-1/2

[Event "Solingen - Tegernsee"]
[Site "BL 0203"]
[Date "2003.02.08"]
[Round "10.3"]
[White "Ribli, Zoltan"]
[Black "Jussupow, Artur"]
[Result "1-0"]
[WhiteElo "2574"]
[BlackElo "2622"]
[PlyCount "71"]
[EventDate "2003.??.??"]

1. Nf3 d5 2. d4 Nf6 3. c4 e6 4. Nc3 Nbd7 5. Bf4 dxc4 6. e3 Nb6 7. Bxc4 Nxc4 8.
Qa4+ Bd7 9. Qxc4 Bd6 10. O-O O-O 11. Ne5 Nh5 12. Nxd7 Qxd7 13. Be5 f5 14. Nb5
Bxe5 15. dxe5 c6 16. Nd6 f4 17. g4 fxg3 18. hxg3 Nf6 19. Rad1 Nd5 20. e4 Nb6
21. Qb3 Qe7 22. Rd3 Kh8 23. Rfd1 g5 24. R1d2 g4 25. a4 Rab8 26. a5 Na8 27. Nc4
Rf7 28. Qd1 Qg5 29. Rd8+ Rf8 30. Rxb8 Rxb8 31. Rd7 h5 32. Nd6 Kg8 33. Nxb7 Rf8
34. Nd8 Qxe5 35. Nxc6 Qxe4 36. Qd2 1-0

[Event "Solingen - Tegernsee"]
[Site "BL 0203"]
[Date "2003.02.08"]
[Round "10.4"]
[White "Sadler, Matthew"]
[Black "Boensch, Uwe"]
[Result "1-0"]
[WhiteElo "2624"]
[BlackElo "2540"]
[PlyCount "45"]
[EventDate "2003.??.??"]

1. d4 d5 2. c4 e6 3. Nc3 Nf6 4. Bg5 Be7 5. e3 h6 6. Bh4 O-O 7. Nf3 b6 8. Bd3
Bb7 9. O-O Ne4 10. Bg3 c5 11. cxd5 exd5 12. Ne5 Nxg3 13. fxg3 Nd7 14. Qg4 Nxe5
15. dxe5 c4 16. Bf5 Bc5 17. e6 Bc8 18. Kh1 fxe6 19. Bxe6+ Kh8 20. Nxd5 Bxe6 21.
Qxe6 Re8 22. Qf5 Bxe3 23. Rae1 1-0

[Event "Solingen - Tegernsee"]
[Site "BL 0203"]
[Date "2003.02.08"]
[Round "10.5"]
[White "Teske, Henrik"]
[Black "Naumann, Alexander"]
[Result "1-0"]
[WhiteElo "2527"]
[BlackElo "2513"]
[PlyCount "59"]
[EventDate "2003.??.??"]

1. d4 d5 2. Nf3 Nf6 3. c4 e6 4. Nc3 dxc4 5. e4 Bb4 6. Bg5 c5 7. Bxc4 cxd4 8.
Nxd4 Qa5 9. Bd2 Qc5 10. Bb5+ Nbd7 11. Nb3 Qb6 12. O-O a6 13. Bxd7+ Nxd7 14. Qg4
Bf8 15. Rac1 h5 16. Qe2 Bd6 17. Be3 Qd8 18. Rfd1 Qe7 19. Qd2 Bb8 20. Na4 O-O
21. Nbc5 Nf6 22. Nb6 Qc7 23. Nxa8 Qxh2+ 24. Kf1 Qh1+ 25. Ke2 Qxg2 26. Rg1 Qh3
27. Nb6 Ng4 28. Nxc8 Rxc8 29. Nxe6 Re8 30. Ng5 1-0

[Event "Solingen - Tegernsee"]
[Site "BL 0203"]
[Date "2003.02.08"]
[Round "10.6"]
[White "Sandipan, Chanda"]
[Black "Hertneck, Gerald"]
[Result "1-0"]
[WhiteElo "2510"]
[BlackElo "2502"]
[PlyCount "127"]
[EventDate "2003.??.??"]

1. e4 e6 2. d4 d5 3. e5 c5 4. c3 Nc6 5. Nf3 Bd7 6. Be2 Nge7 7. Na3 cxd4 8. cxd4
Ng6 9. h4 Bb4+ 10. Kf1 O-O 11. h5 Nh8 12. Bd3 h6 13. Qc2 f5 14. Qe2 Be7 15. Nc2
a5 16. Rg1 Be8 17. g4 f4 18. Bd2 Nb4 19. Nxb4 axb4 20. g5 Bxh5 21. gxh6 g5 22.
h7+ Kg7 23. Qd1 Bg6 24. Qb3 Be4 25. Ke2 Bxf3+ 26. Kxf3 Qb6 27. a3 Qxd4 28. Bxb4
Nf7 29. Bxe7 Nxe5+ 30. Ke2 f3+ 31. Kf1 Qxd3+ 32. Qxd3 Nxd3 33. Rxg5+ Kxh7 34.
Bxf8 Rxf8 35. Rd1 Kh6 36. Rg3 Nc5 37. Rc1 Ne4 38. Rg4 Kh5 39. Rg7 Ng5 40. Rxb7
Kg4 41. Ke1 Kf4 42. a4 Rh8 43. a5 Ne4 44. Rf7+ Ke5 45. Kd1 Nxf2+ 46. Kc2 Ne4
47. b4 f2 48. Kb2 Rb8 49. Ka3 Rg8 50. Rf3 Rg1 51. Kb2 Kd6 52. a6 Rxc1 53. Kxc1
Kc7 54. Rf7+ Kb6 55. a7 f1=Q+ 56. Rxf1 Kxa7 57. Kb2 Kb6 58. Rf8 Kb5 59. Ka3 d4
60. Rf4 Nc3 61. Rxd4 e5 62. Rd3 Kc4 63. Rxc3+ Kxc3 64. b5 1-0

[Event "Solingen - Tegernsee"]
[Site "BL 0203"]
[Date "2003.02.08"]
[Round "10.7"]
[White "Stangl, Markus"]
[Black "Hoffmann, Michael"]
[Result "1/2-1/2"]
[WhiteElo "2494"]
[BlackElo "2438"]
[PlyCount "52"]
[EventDate "2003.??.??"]

1. Nf3 f5 2. d4 Nf6 3. Bf4 g6 4. c3 Bg7 5. Qb3 e6 6. Nbd2 d6 7. e3 Qe7 8. Bb5+
Nbd7 9. O-O-O O-O 10. h3 a6 11. Be2 b5 12. g4 Kh8 13. gxf5 exf5 14. Ng5 Bb7 15.
Bf3 Bxf3 16. Ndxf3 Rae8 17. h4 Nh5 18. Nh3 Ndf6 19. Bg5 Qd7 20. Bxf6 Bxf6 21.
Rde1 Re7 22. d5 c5 23. Nhg5 Ng7 24. Nh3 Nh5 25. Nhg5 Ng7 26. Nh3 Nh5 1/2-1/2